[Event "GER-ch Net Amateur Gr-C Final"]
[Site "Playchess.com INT"]
[Date "2020.04.18"]
[Round "7"]
[White "Bock, Leonas"]
[Black "Ruddat, Jarne"]
[Result "1/2-1/2"]
[WhiteElo "1361"]
[BlackElo "1687"]
[PlyCount "77"]
[EventDate "2020.04.18"]
[EventType "swiss (blitz)"]
[EventRounds "13"]
[EventCountry "GER"]
[SourceTitle "CBM 195 Extra"]
[Source "ChessBase"]
[SourceDate "2020.05.31"]
[SourceVersion "1"]
[SourceVersionDate "2020.05.31"]
[SourceQuality "1"]

1. b3 e5 2. Bb2 Nc6 3. e3 d5 4. Bb5 Bd6 5. Nf3 e4 6. Bxg7 exf3 7. Qxf3 f6 8. Bxh8 Be5 9. d4 Bd6 10. Qh5+ Kd7 11. Qxd5 Nge7 12. Bxc6+ bxc6 13. Qh5 Qxh8 14. Nd2 Ba6 15. c4 Bb4 16. a3 Bc3 17. Rb1 Qg7 18. Qh3+ Kd8 19. Rc1 Bb2 20. Rc2 Bxa3 21. Ra2 Bc8 22. Qf3 Bd6 23. c5 Bg4 24. Qe4 f5 25. Qd3 Nd5 26. cxd6 Nb4 27. dxc7+ Kxc7 28. Qb1 Nxa2 29. Qxa2 f4 30. Qa5+ Kd7 31. Ne4 fxe3 32. fxe3 Qg6 33. Qe5 Rf8 34. Nc5+ Kd8 35. Nb7+ Kc8 36. Nd6+ Kd8 37. Nb7+ Kc8 38. Nd6+ Kd8 39. Nb7+ 1/2-1/2

[Event "GER-ch Net Amateur Gr-C Vor3"]
[Site "Playchess.com INT"]
[Date "2020.04.16"]
[Round "7"]
[White "Bock, Leonas"]
[Black "Radeke, Jennifer"]
[Result "1-0"]
[WhiteElo "1341"]
[BlackElo "1290"]
[PlyCount "61"]
[EventDate "2020.04.16"]
[EventType "swiss (blitz)"]
[EventRounds "9"]
[EventCountry "GER"]
[SourceTitle "CBM 195 Extra"]
[Source "ChessBase"]
[SourceDate "2020.05.31"]
[SourceVersion "1"]
[SourceVersionDate "2020.05.31"]
[SourceQuality "1"]

1. b3 e5 2. Bb2 Nc6 3. e3 d5 4. Bb5 Bd7 5. Ba4 Bc5 6. Bxc6 Bxc6 7. Bxe5 Qe7 8. Bxg7 Nf6 9. Bxh8 Qf8 10. Bxf6 Qd6 11. Bd4 Bxd4 12. exd4 Qe6+ 13. Qe2 Qxe2+ 14. Nxe2 0-0-0 15. Nbc3 Re8 16. 0-0 Rg8 17. a4 Bd7 18. b4 Bh3 19. Ng3 Be6 20. b5 f5 21. f4 Bf7 22. Rfe1 c6 23. bxc6 bxc6 24. Re7 Kd8 25. Rxa7 Rg7 26. a5 Ke8 27. a6 c5 28. Rb1 Kf8 29. Rb8+ Be8 30. Rxe8+ Kxe8 31. Rxg7 1-0

[Event "GER-ch Net Amateur Gr-C Vor2"]
[Site "Playchess.com INT"]
[Date "2020.04.15"]
[Round "8"]
[White "Bock, Leonas"]
[Black "Fleischmann, Theo"]
[Result "0-1"]
[WhiteElo "1620"]
[BlackElo "1546"]
[PlyCount "58"]
[EventDate "2020.04.15"]
[EventType "swiss (blitz)"]
[EventRounds "9"]
[EventCountry "GER"]
[SourceTitle "CBM 196 Extra"]
[Source "ChessBase"]
[SourceDate "2020.07.31"]
[SourceVersion "1"]
[SourceVersionDate "2020.07.31"]
[SourceQuality "1"]

1. b3 c5 2. Bb2 d5 3. c4 d4 4. Nf3 Nf6 5. d3 Nc6 6. e3 e5 7. Nbd2 Bd6 8. Be2 0-0 9. 0-0 Re8 10. Rb1 b6 11. h3 Bb7 12. Re1 Ne7 13. Ba3 e4 14. dxe4 Nxe4 15. exd4 Nxd2 16. Qxd2 Be4 17. Rbd1 Rc8 18. dxc5 bxc5 19. Qxd6 Qa5 20. Bc1 Qxa2 21. Rd2 Qxb3 22. Rb2 Qc3 23. Qd2 Qf6 24. Bd3 Bxf3 25. gxf3 Qxf3 26. Qe2 Qxh3 27. f3 Qg3+ 28. Kf1 Qh3+ 29. Qg2 Qd7 0-1

[Event "GER-ch U10"]
[Site "Willingen"]
[Date "2019.06.10"]
[Round "3"]
[White "Bock, Leonas"]
[Black "Malinowsky, Levi"]
[Result "0-1"]
[WhiteElo "1363"]
[BlackElo "1400"]
[PlyCount "50"]
[EventDate "2019.06.08"]
[EventType "swiss"]
[EventRounds "11"]
[EventCountry "GER"]
[SourceTitle "CBM 191 Extra"]
[Source "ChessBase"]
[SourceDate "2019.09.30"]
[SourceVersion "1"]
[SourceVersionDate "2019.09.30"]
[SourceQuality "1"]

1. d4 d5 2. Nf3 Nf6 3. e3 c5 4. b3 e6 5. Bd3 Nc6 6. Bb2 Bd6 7. Nbd2 0-0 8. 0-0 b6 9. Ne5 Qc7 10. f4 Nd7 11. Nxd7 Qxd7 12. Rf3 cxd4 13. Bxd4 Nxd4 14. exd4 Bb4 15. Rh3 h6 16. Qe2 Qc7 17. Rf1 e5 18. Rh5 e4 19. Nxe4 dxe4 20. Qxe4 g6 21. Rxh6 Bb7 22. Qe3 Qc6 23. Qg3 Kg7 24. Rh4 f5 25. Re1 Bxe1 0-1